| 000 | 07909nas1a22006971 4500 | ||
|---|---|---|---|
| 001 | RU\NLR\INFOCOMM29\5000036845 | ||
| 005 | 20250807185311.0 | ||
| 035 | _a(NLR Aleph) 002378517 | ||
| 090 |
_a784 _c784 |
||
| 100 | _a20250807 rusy50 | ||
| 101 | 0 | _arus | |
| 102 | _aRU | ||
| 110 | _azyuzz 0|y| | ||
| 200 | 1 |
_aТимирязевские чтения _fАкад. наук СССР. Ин-т физиологии растений им. К.А. Тимирязева |
|
| 207 | 1 | _a1- | |
| 210 |
_aМ. _d1941 - |
||
| 712 | 0 | 2 |
_aБотанический институт им. В. Л. Комарова _cСанкт-Петербург _3RU\NLR\AUTH\8810008800 _4570 |
| 712 | 0 | 2 |
_aИнститут физиологии растений им. К.А.Тимирязева _cМосква _3RU\NLR\AUTH\8813782 _4570 |
| 801 | 2 |
_aRU _bNLR _c20080513 _2rusmarc |
|
| 801 | 1 |
_aRU _bInfoComm _c20041215 |
|
| 801 | 0 |
_aRU _bNLR _gPSBO |
|
| 852 |
_aNLR _jП7/919 |
||
| 942 | _cSE | ||
| 945 | _aРоссийская национальная библиотека | ||
| 980 | _aNB | ||
| 980 | _aBV | ||
| 980 | _aRUSPER | ||